Statistics for Name a Valid Movie, with Exceptions

Click here to take the quiz!

General Stats

  • This quiz has been taken 36 times
  • The average score is 7 of 14

Answer Stats

Starring...Other Than...Movie% Correct
Leonardo DiCaprioTitanic, Inception,
The Wolf of Wall Street
90%
Johnny DeppPirates of the Caribbean,
Charlie and the Chocolate Factory
84%
Tom CruiseTop Gun, Valkyrie,
Mission: Impossible
81%
Tom HanksForrest Gump, Cast Away,
Saving Private Ryan
81%
Emma StoneLa La Land, Poor Things
65%
Ryan ReynoldsDeadpool, Free Guy
58%
Margot RobbieBarbie, Suicide Squad,
The Wolf of Wall Street
48%
Mike MyersAustin Powers, Shrek
45%
Tobey MaguireSpiderman
39%
Michelle YeohEverything Everywhere All at Once,
Crazy Rich Asians
35%
Cillian MurphyOppenheimer, The Dark Knight
32%
Humphrey BogartCasablanca
26%
Roberto BenigniLife is Beautiful
19%
Alec GuinnessStar Wars,
The Bridge on the River Kwai
6%

Score Distribution

Percentile by Number Answered

Percent of People with Each Score

Your Score History

You have not taken this quiz